000
00297nam a2200109Ia 4500
008
200302s9999 xx 000 0 und d
100
_a
Davis Belfield Everst
245
_a
Spon's mechanical Electrical Services Price Book 9th ed.
260
_b
E. & F. N. Spon Ltd.
260
_c
1978
300
_a
372 P.,
999
_c
147
_d
147